Villes par image (ou presque) - Statistiques

Statistiques générales
  • Ce quiz a été pris 103 fois
  • Le résultat moyen est 11 sur 16
Statistiques - réponses
Par images Hint Réponse % Correct
Rhône Lyon
100%
Vaucluse Orange
95%
Gironde Bordeaux
88%
Château Chantilly
87%
Portugal Porto
80%
Bretagne Rennes
78%
Henri IV Pau
75%
Normandie Camembert
72%
Capitale Paris
71%
Nièvre Poil
71%
Bouches-du-Rhône Cassis
69%
Belgique Spa
66%
Indre-et-Loire Tours
66%
Corrèze Tulle
47%
Fils d' Alain Delon Antony
28%
Marne Reims
22%
Aucun quiz correspondant
Distribution des résultats
% des personnes avec chaque résultat
Percentile par nombre de réponses
Votre historique - résultats
Vous n’avez pas pris ce quiz